Sports Quiz

Random Sports or Clickable Quiz

Name the nhl player by number Quiz Stats

 Plays Quiz not verified by Sporcle

Also try: NFL Top 5 Passers
Challenge
Share
Tweet
Embed
Score 0/15 Timer 03:00
0 Plays Today
numbers % Correct
88patrick kane
96%
14alex burrows
92%
33zedeno chara
88%
5nicklas lidstrom
88%
7brent seabrook
88%
23dustin brown
88%
30ryan miller
88%
52mike green
88%
numbers % Correct
19jason spezza
84%
41mike smith
80%
9bobby ryan
76%
9zack parise
76%
10marian gaborik
64%
21mason raymond
56%
93ryan nugent hopkins
40%

You're not logged in!

Compare scores with friends on all Sporcle quizzes.
Join for Free
OR
Log In

You Might Also Like...

Show Comments

Extras

Top Quizzes Today


Score Distribution

Your Account Isn't Verified!

In order to create a playlist on Sporcle, you need to verify the email address you used during registration. Go to your Sporcle Settings to finish the process.

Report this User

Report this user for behavior that violates our Community Guidelines.

Details: